Catalog

Record Details

Catalog Search



Room for everyone / Naaz Khan ; illustrated by ... Read More

Khan, Naaz,(author.).
López, Mercè, 1979-(illustrator.).

Available copies

  • 3 of 3 copies available at LARL/NWRL Consortium.
  • 2 of 2 copies available at Lake Agassiz Regional Library. (Show preferred library)

Current holds

0 current holds with 3 total copies.

Show All Copies
Location Call Number / Copy Notes Barcode Shelving Location Status Due Date
Ada Public Library E K (Text) 33500013504915 Main Available -
Hawley Public Library E K (Text) 33500013504923 Main Available -
Red Lake Falls Public Library e KHA (Text) 35500006535429 Main Available -

Record details

  • ISBN: 9781534431393
  • ISBN: 153443139X
  • Physical Description: pages cm
  • Publisher: New York : Atheneum Books for Young Readers, [2021]

Content descriptions

General Note:
"A Caitlyn Dlouhy Book."
Summary, etc.:
Musa and his sister travel to a Zanzibar beach in ... Read More
Target Audience Note:
Ages 4-8. Atheneum Books for Young Readers.
Grades K-1. Atheneum Books for Young Readers.
Subject: Stories in rhyme.
Ridesharing > Fiction.
Transportation > Fiction.
Brothers and sisters > Fiction.
Zanzibar > Fiction.
Counting.
Humorous stories.
LDR 01736cam a22004698i 4500
001375571
003LARL_NWRL_CONSORTIUM
00520210916115043.0
008200409s2021 nyu b 000 1 eng
010 . ‡a 2020013345
040 . ‡aDLC ‡beng ‡erda ‡cDLC ‡dOCLCO
020 . ‡a9781534431393 ‡q(hardcover)
020 . ‡a153443139X
020 . ‡z9781534431409 ‡q(ebook)
035 . ‡a(OCoLC)1150866020
042 . ‡apcc ‡alcac
08200. ‡a[E] ‡223
1001 . ‡aKhan, Naaz, ‡eauthor.
24510. ‡aRoom for everyone / ‡cNaaz Khan ; illustrated by Mercè López.
264 1. ‡aNew York : ‡bAtheneum Books for Young Readers, ‡c[2021]
300 . ‡apages cm
336 . ‡atext ‡btxt ‡2rdacontent
336 . ‡astill image ‡bsti ‡2rdacontent
337 . ‡aunmediated ‡bn ‡2rdamedia
338 . ‡avolume ‡bnc ‡2rdacarrier
500 . ‡a"A Caitlyn Dlouhy Book."
521 . ‡aAges 4-8. ‡bAtheneum Books for Young Readers.
521 . ‡aGrades K-1. ‡bAtheneum Books for Young Readers.
520 . ‡aMusa and his sister travel to a Zanzibar beach in a shared minibus which, despite Musa's protests, gets loaded with everything from a man and his bicycle to ten swimmers.
650 1. ‡aStories in rhyme. ‡0(LARL_NWRL_CONSORTIUM)162453
650 1. ‡aRidesharing ‡vFiction.
650 1. ‡aTransportation ‡vFiction.
650 1. ‡aBrothers and sisters ‡vFiction. ‡0(LARL_NWRL_CONSORTIUM)163634
651 1. ‡aZanzibar ‡vFiction.
650 1. ‡aCounting. ‡0(LARL_NWRL_CONSORTIUM)17891
650 1. ‡aHumorous stories. ‡0(LARL_NWRL_CONSORTIUM)22555
7001 . ‡aLópez, Mercè, ‡d1979- ‡eillustrator.
77608. ‡iOnline version: ‡aKhan, Naaz. ‡tRoom for everyone ‡dNew York : Atheneum Books for Young Readers, [2021] ‡z9781534431409 ‡w(DLC) 2020013346
905 . ‡uvanderl
901 . ‡a375571 ‡b ‡c375571 ‡tbiblio ‡soclc

Additional Resources